Catalog

Record Details

Catalog Search



Available copies

  • 2 of 2 copies available at LARL/NWRL Consortium.
  • 1 of 1 copy available at Lake Agassiz Regional Library. (Show preferred library)

Current holds

0 current holds with 2 total copies.

Show Only Available Copies
Location Call Number / Copy Notes Barcode Shelving Location Status Due Date
Moorhead Public Library 921 CAM (Text) 33500013875133 Main Available -
Roseau Public Library 921 CAM (Text) 35500006718744 Main Available -

Record details

  • ISBN: 9781538757185
  • ISBN: 1538757184
  • Physical Description: 273 pages, 16 unnumbered pages of plates : ... Read More
  • Edition: First edition.
  • Publisher: New York : Grand Central Publishing, 2023.

Content descriptions

Formatted Contents Note:
Prologue: The promise -- Fast car -- Born on the ... Read More
Summary, etc.:
"From former White House aide to President Obama ... Read More
Subject: Campoverdi, Alejandra.
Mexican American women > Biography.
Children of immigrants > United States > Biography.
United States. White House Communications Office > Officials and employees > Biography.
Breast > Cancer > Genetic aspects.
Genre: Autobiography
Autobiographies.
LDR 04301cam a22006378i 4500
001419590
003LARL_NWRL_CONSORTIUM
00520230922210617.0
008230415t20232023nyuaf 000 0aeng
010 . ‡a 2023016024
040 . ‡aLBSOR ‡beng ‡erda ‡cDLC ‡dBDX ‡dOCLCF ‡dYDX ‡dTOH ‡dIHY ‡dCUV ‡dBMU
019 . ‡a1362866212 ‡a1396158467
020 . ‡a9781538757185 ‡q(hardcover)
020 . ‡a1538757184
020 . ‡z9781538757208 ‡q(ebook)
035 . ‡a(OCoLC)1377501958 ‡z(OCoLC)1362866212 ‡z(OCoLC)1396158467
042 . ‡apcc
043 . ‡an-us---
08200. ‡a305.48/86872073092 ‡aB ‡223/eng/20230425
1001 . ‡aCampoverdi, Alejandra, ‡eauthor.
24510. ‡aFirst gen : ‡ba memoir / ‡cAlejandra Campoverdi.
250 . ‡aFirst edition.
264 1. ‡aNew York : ‡bGrand Central Publishing, ‡c2023.
264 4. ‡c©2023
300 . ‡a273 pages, 16 unnumbered pages of plates : ‡billustrations (chiefly color) ; ‡c22 cm
336 . ‡atext ‡btxt ‡2rdacontent
337 . ‡aunmediated ‡bn ‡2rdamedia
338 . ‡avolume ‡bnc ‡2rdacarrier
385 . ‡aChildren ‡2lcsh
520 . ‡a"From former White House aide to President Obama and Harvard graduate, Alejandra Campoverdi, comes a riveting and unflinching memoir on navigating social mobility as a first gen Latina, offering a broad examination of the unacknowledged emotional tolls of being a trailblazer. To be a First and Only in America is a delicate balancing act of surviving where you come from while acting like you belong where you're going. Alejandra Campoverdi has been a child on welfare, a White House aide to President Obama, a gang member's girlfriend, and a candidate for U.S. Congress. She's ridden on Air Force One and in G-rides. She's modeled on the pages of Maxim and had a double mastectomy. Living a life of contradictory extremes often comes with the territory when you're a "First and Only." It also comes at a price. With candor and heart, Alejandra retraces her trajectory as a Mexican American woman raised by an immigrant single mother in Los Angeles, foregoing the tidy bullet points of her resume and shining a light on the spaces between them instead. What emerges is a moving testimony of personal struggle and triumph that shatters the one-dimensional glossy narrative we are often sold of what it takes to achieve the American Dream. Alejandra uses her own experiences to illustrate the emotional tolls First and Onlys often face that are widespread yet rarely acknowledged, providing a road to truth and healing in the process. It is a timely and revealing reflection, as social class continues to be a key determinant of career success. Part memoir, part manifesto, FIRST GEN is a story of generational inheritance, aspiration, and belonging - a poignant journey to "reclaim the parts of ourselves we sacrificed in order to survive.""-- ‡cProvided by publisher.
5050 . ‡aPrologue: The promise -- Fast car -- Born on the bayou -- Amor eterno -- Keep their heads ringin' -- Crash into me -- On the bound -- How to save a life -- Everlong -- La trenza -- It's only love that gets you through.
60010. ‡aCampoverdi, Alejandra.
650 0. ‡aMexican American women ‡vBiography.
650 0. ‡aChildren of immigrants ‡zUnited States ‡vBiography.
61010. ‡aUnited States. ‡bWhite House Communications Office ‡xOfficials and employees ‡vBiography.
650 0. ‡aBreast ‡xCancer ‡xGenetic aspects. ‡0(LARL_NWRL_CONSORTIUM)171077
655 2. ‡aAutobiography
655 7. ‡aAutobiographies. ‡2lcgft
901 . ‡a419590 ‡bOCoLC ‡c419590 ‡tbiblio ‡soclc

Additional Resources